000 01391cam a2200325 a 4500
999 _c233334
_d233334
001 14755473
003 Nust
005 20180604080333.0
008 070302s2008 nyu 000 1 eng
010 _a 2007009061
020 _a9780747596325 (pbk.)
_cRs. 916
035 _a(OCoLC)ocm85766304
038 _aArshad
040 _aDLC
_cDLC
_dBAKER
_dBTCTA
_dC#P
_dYDXCP
_dZP7
_dVP@
_dOCLCQ
_dCQU
_dDLC
050 0 0 _aPS3562.E2618
_bI63 2008
082 0 0 _a813.54
_bLEA
100 1 _aLeavitt, David,
_d1961-
_910895
245 1 4 _aThe Indian clerk /
_cDavid Leavitt.
250 _a1st U.S. ed.
260 _aNew York :
_bBloomsbury :
_bDistributed to the trade by Holtzbrinck Publishers,
_c2007.
300 _a485 p. ;
_c25 cm.
600 1 0 _aHardy, G. H.
_q(Godfrey Harold),
_d1877-1947
_vFiction.
_910896
600 1 0 _aRamanujan Aiyangar, Srinivasa,
_d1887-1920
_vFiction.
_910897
650 0 _aMathematicians
_vFiction.
_910898
856 4 2 _3Publisher description
_uhttp://www.loc.gov/catdir/enhancements/fy0711/2007009061-d.html
856 4 2 _3Contributor biographical information
_uhttp://www.loc.gov/catdir/enhancements/fy0711/2007009061-b.html
906 _a7
_bcbc
_corignew
_d1
_eecip
_f20
_gy-gencatlg
942 _2ddc
_cBK